LEADER 02712nam 22006733u 450 001 9910462644503321 005 20210108041707.0 010 $a1-4384-1315-7 035 $a(CKB)2670000000233839 035 $a(EBL)3408149 035 $a(SSID)ssj0000153854 035 $a(PQKBManifestationID)11163852 035 $a(PQKBTitleCode)TC0000153854 035 $a(PQKBWorkID)10407503 035 $a(PQKB)10206912 035 $a(MiAaPQ)EBC3408149 035 $a(EXLCZ)992670000000233839 100 $a20151005d1985|||| u|| | 101 0 $aeng 135 $aur|n|---||||| 181 $ctxt 182 $cc 183 $acr 200 10$aFear of Fiction$b[electronic resource] $eNarrative Strategies in the Works of Isaac Bashevis Singer 210 $aAlbany $cState University of New York Press$d1985 215 $a1 online resource (186 p.) 225 1 $aSUNY Series in Modern Jewish Literature and Culture 300 $aDescription based upon print version of record. 311 $a0-88706-009-9 327 $a""Front Matter""; ""Half Title Page""; ""Title Page""; ""Copyright Page""; ""Dedication Page""; ""Table of Contents""; ""Preface""; ""Content""; ""Fiction as Reportage, I: Examples from the Early Works""; ""Reportage as Fiction, I: Singer's Pseudonymous Personas""; ""Fiction as Reportage, II: Recurrent Narrative Situations in the Later Works""; ""Reportage as Fiction, II: The Interview as Fictional Genre""; ""Coda""; ""Back Matter""; ""Notes""; ""Bibliography""; ""Index"" 410 0$aSUNY Series in Modern Jewish Literature and Culture 606 $aFiction -- Technique 606 $aJews in literature 606 $aNarration (Rhetoric) -- History -- 20th century 606 $aSinger, Isaac Bashevis, -- 1904-1991 -- Technique 606 $aNarration (Rhetoric)$xHistory$y20th century 606 $aJews in literature$xTechnique 606 $aFiction 606 $aLanguages & Literatures$2HILCC 606 $aMiddle Eastern Languages & Literatures$2HILCC 608 $aElectronic books. 615 4$aFiction -- Technique. 615 4$aJews in literature. 615 4$aNarration (Rhetoric) -- History -- 20th century. 615 4$aSinger, Isaac Bashevis, -- 1904-1991 -- Technique. 615 0$aNarration (Rhetoric)$xHistory 615 0$aJews in literature$xTechnique 615 0$aFiction 615 7$aLanguages & Literatures 615 7$aMiddle Eastern Languages & Literatures 676 $a839/.0933 700 $aMiller$b David Neal$01046483 801 0$bAU-PeEL 801 1$bAU-PeEL 801 2$bAU-PeEL 906 $aBOOK 912 $a9910462644503321 996 $aFear of Fiction$92473418 997 $aUNINA LEADER 02496nam 22005294a 450 001 9910784323803321 005 20230828214848.0 010 $a1-4267-1355-X 010 $a0-687-64282-5 035 $a(CKB)1000000000351447 035 $a(EBL)272092 035 $a(OCoLC)694147472 035 $a(SSID)ssj0000360643 035 $a(PQKBManifestationID)11925460 035 $a(PQKBTitleCode)TC0000360643 035 $a(PQKBWorkID)10347947 035 $a(PQKB)11568826 035 $a(MiAaPQ)EBC272092 035 $a(MiAaPQ)EBC6122915 035 $a(Au-PeEL)EBL272092 035 $a(CaPaEBR)ebr10430611 035 $a(EXLCZ)991000000000351447 100 $a20060118d2006 uy 0 101 0 $aeng 135 $aur|n|---||||| 181 $ctxt 182 $cc 183 $acr 200 10$aGo big$b[electronic resource] $elead your church to explosive growth /$fBill Easum and Bil Cornelius 210 $aNashville $cAbingdon Press$dc2006 215 $a1 online resource (160 p.) 300 $aDescription based upon print version of record. 311 $a0-687-33442-X 327 $aIntroduction: get ready for a ride -- The only difference is the zeroes -- A wild and crazy God -- Structuring your church for growth -- It's time to lead, pastor! -- Double your vision -- Preparing to break the growth barriers -- The growth barriers -- Staffing the church for explosive growth -- Saved to serve -- Make a big "ask" of yourself -- Handling problem people -- Positioning ourselves for explosive growth. 330 $aBill Easum and Bil Cornelius are two strikingly different, yet surprisingly similar pastors. One undertook to revitalize a moribund mainline church; the other, to plant a new nondenominational congregation. Coming from different generations, their ministries took place under dissimilar circumstances. Yet both have experienced substantial, even explosive, growth in congregational mission and membership. Along the way they learned some important lessons, such as the centrality of strong pastoral leadership, the need for an unhesitant pursuit of excellence in all areas of the church's ministry, a 606 $aChurch growth 615 0$aChurch growth. 676 $a254/.5 700 $aEasum$b William M.$f1939-$01504718 701 $aCornelius$b Bil$f1972-$01568580 801 0$bMiAaPQ 801 1$bMiAaPQ 801 2$bMiAaPQ 906 $aBOOK 912 $a9910784323803321 996 $aGo big$93840798 997 $aUNINA